Synthesis and Studies on 1,3-imidazolium chloride based NHCs and its Role in Copper Catalysed C-O and C-N Bond Formation (Record no. 36146)

MARC details
000 -LEADER
fixed length control field 00520nam a22001577a 4500
003 - CONTROL NUMBER IDENTIFIER
control field CUTN
005 - DATE AND TIME OF LATEST TRANSACTION
control field 20211203144027.0
008 - FIXED-LENGTH DATA ELEMENTS--GENERAL INFORMATION
fixed length control field 211203b ||||| |||| 00| 0 eng d
041 ## - LANGUAGE CODE
Language English
082 ## - DEWEY DECIMAL CLASSIFICATION NUMBER
Classification number 540
Item number SUD
100 ## - MAIN ENTRY--PERSONAL NAME
Personal name Sudeep, Paul (R141505)
245 ## - TITLE STATEMENT
Title Synthesis and Studies on 1,3-imidazolium chloride based NHCs and its Role in Copper Catalysed C-O and C-N Bond Formation
260 ## - PUBLICATION, DISTRIBUTION, ETC. (IMPRINT)
Place of publication, distribution, etc Thiruvarur
Name of publisher, distributor, etc Central University of Tamil Nadu
Date of publication, distribution, etc February, 2021
700 ## - ADDED ENTRY--PERSONAL NAME
Personal name Vittal, Babu Gudimetla
942 ## - ADDED ENTRY ELEMENTS (KOHA)
Source of classification or shelving scheme Dewey Decimal Classification
Koha item type Thesis/Dissertation & Project
Holdings
Withdrawn status Lost status Source of classification or shelving scheme Damaged status Not for loan Collection code Home library Location Shelving location Date of Cataloging Total Checkouts Full call number Barcode Date last seen Price effective from Koha item type Public note
    Dewey Decimal Classification   Not For Loan Non-fiction CUTN Central Library CUTN Central Library Thesis, Dissertation & Project 03/12/2021   540 SUD T041 03/12/2021 03/12/2021 Thesis/Dissertation & Project Thesis- Chemistry